[Event "Campeonato Brasileiro Amador 2019 U2200"]
[Site "Sao Paulo"]
[Date "2019.06.20"]
[Round "1.1"]
[White "Mariani, Daniel Brandao"]
[Black "Do Valle Cardoso, Lucas"]
[Result "1/2-1/2"]
[WhiteElo "2037"]
[BlackElo "2198"]
[PlyCount "93"]
[EventDate "2019.06.20"]

{[%evp 0,93,16,28,27,-16,33,52,58,56,75,77,89,50,50,38,51,31,36,30,58,46,97,54,
67,50,79,52,80,37,15,0,-1,1,75,27,51,43,63,61,74,70,89,80,73,70,84,85,63,61,61,
76,62,77,123,97,121,139,139,128,128,122,124,122,124,116,114,111,113,112,112,96,
135,95,96,90,69,69,69,14,14,2,2,2,2,2,4,4,13,12,10,9,7,9,9,8]} 1. d4 Nf6 2. c4
g6 3. Nc3 d5 4. cxd5 Nxd5 5. e4 Nxc3 6. bxc3 Bg7 7. Nf3 c5 8. Rb1 O-O 9. Be2
cxd4 10. cxd4 Qa5+ 11. Qd2 Qxd2+ 12. Bxd2 Rd8 13. d5 b6 14. O-O Ba6 15. Bxa6
Nxa6 16. Be3 Rdc8 17. Rfc1 Kf8 18. Kf1 Ke8 19. Ke2 h6 20. Nd4 Nc5 21. f3 Na4
22. Kd2 Bxd4 23. Bxd4 Kd7 24. g4 e6 25. dxe6+ Kxe6 26. Ke3 a6 27. h4 f5 28.
gxf5+ gxf5 29. Rxc8 Rxc8 30. Rg1 fxe4 31. fxe4 Rc2 32. Rg6+ Kf7 33. Rf6+ Ke7
34. Rxh6 Rxa2 35. h5 Nc5 36. Bxc5+ bxc5 37. Rc6 a5 38. Rxc5 a4 39. Rc6 Rh2 40.
h6 a3 41. Ra6 a2 42. h7 Rxh7 43. Rxa2 Ke6 44. Ra6+ Ke5 45. Ra5+ Ke6 46. Ra6+
Ke5 47. Ra5+ 1/2-1/2

[Event "Campeonato Brasileiro Amador 2019 U2200"]
[Site "Sao Paulo"]
[Date "2019.06.20"]
[Round "1.3"]
[White "Guerreiro, Alexandre Vieira"]
[Black "De Carvalho, Jose Jorge"]
[Result "1-0"]
[WhiteElo "2013"]
[BlackElo "2152"]
[PlyCount "105"]
[EventDate "2019.06.20"]

{[%evp 0,105,28,18,70,48,61,49,96,75,90,86,90,54,63,63,83,58,70,69,124,-44,83,
43,187,124,118,97,114,157,207,88,204,204,196,195,204,188,198,155,160,150,150,
158,158,159,220,162,162,90,96,96,104,102,186,157,193,174,211,211,338,254,278,
325,358,433,448,511,494,613,687,726,726,552,509,504,546,407,482,787,846,414,
445,480,480,427,427,484,484,694,739,761,767,710,844,29980,29981,29982,29983,
29984,29993,29994,29995,29996,29997,29998,29999,-30000]} 1. d4 f5 2. g3 Nf6 3.
Bg2 g6 4. Nf3 Bg7 5. O-O O-O 6. c4 d6 7. Nc3 h6 8. Re1 Nc6 9. d5 Na5 10. Qd3 c5
11. Nh4 e5 12. Nxg6 e4 13. Qc2 Re8 14. b3 Ng4 15. Nf4 Bd4 16. e3 Bg7 17. Bb2
Ne5 18. Nb1 a6 19. Nd2 b5 20. cxb5 axb5 21. f3 exf3 22. Nxf3 Ra7 23. Nxe5 Bxe5
24. Ne6 Qf6 25. Bxe5 Qxe5 26. Rad1 Nc6 27. Qe2 Nb4 28. Qh5 Rxe6 29. dxe6 Bxe6
30. Qg6+ Rg7 31. Qxh6 c4 32. bxc4 bxc4 33. Rb1 Nd3 34. Rb8+ Kf7 35. Rb7+ Kf8
36. Reb1 Nc5 37. Ra7 Bd7 38. Bc6 Ke7 39. Bxd7 Nxd7 40. Rxd7+ Kxd7 41. Rb7+ Kc6
42. Rxg7 c3 43. Rg8 Qd5 44. Qh8 Qd1+ 45. Kg2 Qe2+ 46. Kh3 c2 47. Rc8+ Kb7 48.
Rb8+ Ka7 49. Ra8+ Kb7 50. Qc8+ Kb6 51. Rb8+ Ka5 52. Qc3+ Ka6 53. Qa3# 1-0

[Event "Campeonato Brasileiro Amador 2019 U2200"]
[Site "Sao Paulo"]
[Date "2019.06.20"]
[Round "1.4"]
[White "Bortoloso, Moacir Canella"]
[Black "Abreu, Guilherme Correa"]
[Result "1/2-1/2"]
[WhiteElo "2143"]
[BlackElo "1997"]
[PlyCount "81"]
[EventDate "2019.06.20"]

{[%evp 0,81,28,11,100,48,109,69,69,55,55,55,88,67,90,23,39,38,50,48,72,58,112,
120,129,106,104,54,98,38,38,44,72,80,83,54,92,75,75,76,76,76,135,129,129,144,
155,151,149,74,74,74,111,93,110,105,114,76,124,48,82,47,97,60,111,-15,27,-62,
-76,-90,-94,-93,-83,-90,-62,-139,-20,-150,-97,-144,-143,-146,-173,-171]} 1. e4
c5 2. Nf3 d6 3. d4 cxd4 4. Nxd4 Nf6 5. Nc3 a6 6. Bg5 e6 7. f4 Nbd7 8. Qe2 Qc7
9. O-O-O e5 10. Nf5 g6 11. Ne3 Bg7 12. Qd2 h6 13. Bxf6 Nxf6 14. f5 gxf5 15.
exf5 Bf8 16. g4 Bd7 17. Bg2 O-O-O 18. Ncd5 Nxd5 19. Nxd5 Qc5 20. b4 Qd4 21.
Qxd4 exd4 22. Rxd4 Bc6 23. Rhd1 Re8 24. Nf4 Bxg2 25. Nxg2 Re2 26. R1d2 Re5 27.
Rf2 Rg8 28. h4 Kd7 29. Kd2 d5 30. Ne3 Kc6 31. a3 b5 32. Ng2 Bd6 33. Ne1 Re4 34.
Rxe4 dxe4 35. Rg2 Bf4+ 36. Kc3 Kd5 37. Rg1 f6 38. Kb3 Kd4 39. Rg2 Rc8 40. Re2
Rc3+ 41. Kb2 1/2-1/2

[Event "Campeonato Brasileiro Amador 2019 U2200"]
[Site "Sao Paulo"]
[Date "2019.06.20"]
[Round "1.5"]
[White "Soares, Renan Barbosa Montei"]
[Black "Damaceno, Mateus Lima"]
[Result "0-1"]
[WhiteElo "1991"]
[BlackElo "2136"]
[PlyCount "48"]
[EventDate "2019.06.20"]

{[%evp 0,48,28,35,81,52,42,19,25,25,30,18,17,35,73,-25,-6,-24,-24,-22,0,-2,0,
-55,-25,-33,-23,-9,-21,-32,36,-103,0,-8,22,7,5,-3,-21,-43,-52,-62,-62,-111,
-101,-322,-419,-374,-416,-546,-668]} 1. d4 g6 2. c4 Bg7 3. Nc3 d6 4. e4 Nc6 5.
Be3 e5 6. d5 Nce7 7. Qd2 f5 8. exf5 Nxf5 9. Bg5 Nf6 10. Bd3 h6 11. Bxf5 gxf5
12. Bh4 Bd7 13. Nge2 O-O 14. O-O-O b5 15. Ng3 Qe8 16. cxb5 a6 17. bxa6 Rxa6 18.
Rhe1 Qg6 19. Qe2 Rb6 20. Bxf6 Bxf6 21. Qh5 Qg7 22. Qf3 e4 23. Nxf5 Bxf5 24.
Qxf5 Bg5+ 0-1

[Event "Campeonato Brasileiro Amador 2019 U2200"]
[Site "Sao Paulo"]
[Date "2019.06.20"]
[Round "1.6"]
[White "Januario, Severino Pereira"]
[Black "Pertuzatti, Daniel"]
[Result "1/2-1/2"]
[WhiteElo "2135"]
[BlackElo "1935"]
[PlyCount "74"]
[EventDate "2019.06.20"]

{[%evp 0,74,34,16,70,54,92,48,48,38,116,41,88,25,123,46,115,49,72,67,67,39,39,
-17,11,-17,13,13,52,0,12,4,22,-11,28,24,13,-9,-6,11,-7,1,9,-14,5,23,4,4,8,1,14,
1,12,-8,-7,0,5,-17,-2,-20,-18,-15,-11,-21,-15,-19,-12,0,9,0,0,1,26,25,29,15,39]
} 1. e4 Nf6 2. e5 Nd5 3. d4 d6 4. Nf3 Bg4 5. Be2 e6 6. h3 Bh5 7. O-O Be7 8. Re1
O-O 9. c4 Nb6 10. b3 Nc6 11. Bb2 dxe5 12. dxe5 Bb4 13. Nc3 Qe7 14. a3 Rfd8 15.
Qc1 Bc5 16. Ne4 Bxf3 17. Bxf3 Bd4 18. Ng3 Bxb2 19. Qxb2 Nd4 20. Re3 Qg5 21. Qc3
Nxf3+ 22. Rxf3 Qd2 23. Ne4 Qxc3 24. Rxc3 Rd4 25. Re1 Nd7 26. f4 Rd8 27. Kf2 Nf8
28. Ke3 Ng6 29. a4 Ne7 30. Nd6 Nf5+ 31. Nxf5 exf5 32. Kf3 Kf8 33. Rce3 Rd3 34.
Rxd3 Rxd3+ 35. Re3 Rxe3+ 36. Kxe3 c5 37. Kf3 a5 1/2-1/2

[Event "Campeonato Brasileiro Amador 2019 U2200"]
[Site "Sao Paulo"]
[Date "2019.06.20"]
[Round "1.7"]
[White "Van Riemsdijk, Dirk D."]
[Black "Borges, Wagner Da Silva"]
[Result "1/2-1/2"]
[WhiteElo "1931"]
[BlackElo "2134"]
[PlyCount "54"]
[EventDate "2019.06.20"]

{[%evp 0,54,34,25,48,46,53,51,135,135,316,109,332,79,334,65,295,37,387,361,442,
75,64,35,45,45,49,34,41,43,28,19,9,0,58,38,38,-12,-31,-26,-26,-32,-32,-32,-19,
-28,-20,-38,-33,-43,-3,-1,-6,7,10,3,7]} 1. e4 c5 2. Nf3 Nc6 3. d4 Nxd4 4. Nxd4
Nf6 5. Nc3 d6 6. Bg5 e6 7. Qd3 Be7 8. O-O-O Qa5 9. Bxf6 gxf6 10. Be2 cxd4 11.
Qxd4 a6 12. f4 Bd7 13. Kb1 Qc5 14. Qxc5 dxc5 15. Bh5 Bc6 16. f5 O-O 17. Rhe1
Rad8 18. Nd5 exd5 19. exd5 Rxd5 20. Rxd5 Bxd5 21. Rxe7 Bxg2 22. Kc1 Bc6 23. Kd2
Rd8+ 24. Ke3 Rd7 25. Bxf7+ Kf8 26. Rxd7 Bxd7 27. Bd5 b6 1/2-1/2

[Event "Campeonato Brasileiro Amador 2019 U2200"]
[Site "Sao Paulo"]
[Date "2019.06.20"]
[Round "1.8"]
[White "Miranda Neto, Jayme Amorim"]
[Black "Kajiwara, Flavio Toshio Prizon"]
[Result "1-0"]
[WhiteElo "2119"]
[BlackElo "1925"]
[PlyCount "71"]
[EventDate "2019.06.20"]

{[%evp 0,71,34,21,35,30,42,46,55,28,24,24,40,20,63,46,31,14,36,11,41,40,39,22,
44,38,42,16,42,37,37,25,124,130,177,70,196,142,158,114,190,279,300,292,292,281,
281,282,289,288,658,305,400,193,256,254,320,-23,176,-184,263,185,359,301,719,
383,1035,200,504,501,500,204,691,245]} 1. d4 Nf6 2. Nf3 b6 3. Bf4 Bb7 4. h3 e6
5. e3 Be7 6. Nbd2 c5 7. c3 Nc6 8. Bd3 d6 9. Qe2 Qd7 10. O-O O-O 11. Rfd1 Nd5
12. Bg3 f5 13. dxc5 bxc5 14. e4 fxe4 15. Nxe4 Kh8 16. Neg5 e5 17. Bc2 Bxg5 18.
Nxg5 Nf6 19. Qd3 d5 20. Nxh7 e4 21. Nxf6 exd3 22. Nxd7 dxc2 23. Rd2 Rf5 24.
Nxc5 Rc8 25. b4 d4 26. cxd4 Nxb4 27. a3 Nc6 28. d5 Na5 29. Bc7 Nc6 30. Rc1 Ne7
31. d6 Nd5 32. Rcxc2 Nxc7 33. dxc7 Rf7 34. Rd8+ Kh7 35. Ne4 Rd7 36. Nd6 1-0

[Event "Campeonato Brasileiro Amador 2019 U2200"]
[Site "Sao Paulo"]
[Date "2019.06.20"]
[Round "1.9"]
[White "Mobaier, Sergio"]
[Black "Labussiere, Yago"]
[Result "0-1"]
[WhiteElo "1918"]
[BlackElo "2110"]
[PlyCount "82"]
[EventDate "2019.06.20"]

{[%evp 0,82,30,35,32,21,49,54,57,36,42,37,38,25,28,10,10,10,-4,-8,10,2,-10,-3,
13,-15,-44,-41,-34,-28,-42,-48,-45,-60,-56,-98,-56,-56,-56,-67,-42,-15,-7,-4,8,
-10,23,-10,12,12,12,6,15,6,6,3,1,-1,2,-1,-1,-74,17,17,9,29,49,-27,7,3,68,-13,
43,24,12,20,44,45,45,-49,-19,-128,-87,-854,-857]} 1. d4 Nf6 2. Bf4 g6 3. e3 Bg7
4. Nf3 O-O 5. Be2 d6 6. h3 b6 7. O-O Bb7 8. c4 Nbd7 9. Nc3 Ne4 10. Qc2 Nxc3 11.
Qxc3 Qe8 12. Rfe1 e5 13. Bh2 Qe7 14. Rad1 a5 15. a3 a4 16. Qc2 f5 17. Nd2 Kh8
18. Bf3 e4 19. Be2 Nf6 20. Nb1 Bc6 21. Nc3 Rfd8 22. Rc1 Ra5 23. Na2 Bd7 24. Nc3
Rc8 25. Red1 Qf7 26. Nb5 Qe7 27. Nc3 Qf7 28. Rd2 Rd8 29. Nb5 Rc8 30. Bxd6 cxd6
31. Nxd6 Qe7 32. Nxc8 Bxc8 33. Qc3 Ra8 34. Qb4 Qb7 35. Rb1 Kg8 36. b3 Bf8 37.
Qc3 axb3 38. Rxb3 Qc7 39. Rdb2 Be7 40. Rxb6 Nd5 41. c5 Nxc3 0-1

[Event "Campeonato Brasileiro Amador 2019 U2200"]
[Site "Sao Paulo"]
[Date "2019.06.20"]
[Round "1.10"]
[White "Carvalho, Felipe Lobo C."]
[Black "Souza Dos Santos, Matheus Garcett"]
[Result "1/2-1/2"]
[WhiteElo "2105"]
[BlackElo "1867"]
[PlyCount "141"]
[EventDate "2019.06.20"]

{[%evp 0,83,28,32,30,21,52,42,42,38,31,27,37,10,65,9,11,-15,-23,-37,-37,-7,4,0,
20,23,41,18,39,18,92,28,38,14,42,44,43,24,24,16,31,19,25,17,23,13,7,18,35,-16,
-21,10,-1,14,17,12,12,9,26,12,12,19,70,64,130,30,18,-15,28,28,72,72,92,34,31,
77,79,79,64,40,46,40,32,0,0,0]} 1. d4 Nf6 2. Bf4 g6 3. e3 Bg7 4. Nf3 d6 5. Be2
O-O 6. h3 c5 7. c3 Qb6 8. Qb3 Be6 9. Qxb6 axb6 10. a3 Nc6 11. Nbd2 Na5 12. O-O
Rfc8 13. Rfe1 Nd5 14. Bh2 Bh6 15. Bf1 c4 16. g4 b5 17. Bg2 Nb6 18. g5 Bg7 19.
e4 Na4 20. Rab1 Bd7 21. Bg3 Re8 22. Bf4 e5 23. Be3 Rac8 24. d5 b6 25. Nh2 Nb7
26. Ng4 Nbc5 27. Bf1 Bxg4 28. hxg4 Nd7 29. Be2 Nac5 30. Kg2 f6 31. gxf6 Nxf6
32. f3 h5 33. g5 Nh7 34. b3 Ra8 35. bxc4 Rxa3 36. Rxb5 Rxc3 37. Kf2 Rxe3 38.
Kxe3 Nxg5 39. Bf1 Bh6 40. Ke2 Ra8 41. Rxb6 Ra2 42. Rd1 Ngxe4 43. fxe4 Nxe4 44.
Bh3 Nc3+ 45. Kd3 Nxd1 46. Be6+ Kg7 47. Rb7+ Kf8 48. Rf7+ Ke8 49. Ne4 Ra3+ 50.
Kc2 Ne3+ 51. Kb1 Nxc4 52. Nf6+ Kd8 53. Rd7+ Kc8 54. Rh7+ Kb8 55. Rxh6 Rg3 56.
Bf7 Rg2 57. Rxg6 Rxg6 58. Bxg6 h4 59. Bf5 Kc7 60. Ne4 Ne3 61. Be6 h3 62. Kc1 h2
63. Nf2 Kb6 64. Kd2 Nf1+ 65. Ke2 Ng3+ 66. Kf3 Nh5 67. Kg2 Nf4+ 68. Kxh2 Kc5 69.
Ne4+ Kd4 70. Nxd6 Nxd5 71. Nf5+ 1/2-1/2

[Event "Campeonato Brasileiro Amador 2019 U2200"]
[Site "Sao Paulo"]
[Date "2019.06.20"]
[Round "1.12"]
[White "Labussiere, Victor"]
[Black "Da Conceicao, Daniel Firmino"]
[Result "1-0"]
[WhiteElo "2096"]
[BlackElo "1852"]
[PlyCount "110"]
[EventDate "2019.06.20"]

{[%evp 0,68,30,3,-16,-2,39,11,16,17,20,20,56,54,90,54,131,91,149,149,126,129,
101,94,112,47,50,50,74,68,158,124,104,99,95,96,98,73,66,71,73,26,48,17,17,19,
37,38,49,42,61,44,88,81,75,86,205,208,192,188,248,226,204,200,200,200,214,190,
200,216,215]} 1. c4 Nf6 2. Nc3 c5 3. e3 Nc6 4. Nf3 d6 5. d4 e6 6. d5 exd5 7.
cxd5 Nb8 8. h3 g6 9. Be2 Bg7 10. O-O O-O 11. e4 Re8 12. Nd2 a6 13. a4 b6 14.
Qc2 a5 15. Nc4 Na6 16. Bf4 Nb4 17. Qb1 Bf8 18. Re1 Ba6 19. Bh2 Qc7 20. b3 Rad8
21. Na3 Bxe2 22. Rxe2 Bg7 23. Nab5 Qb8 24. Qd1 Rd7 25. Rc1 g5 26. Qd2 h6 27. f4
Qd8 28. fxg5 hxg5 29. Qxg5 Nd3 30. Rf1 Ne5 31. Ref2 Nh7 32. Qd2 Qh4 33. Bf4 Kh8
34. Be3 f6 35. Rf4 Qh5 36. Rf5 Qg6 37. Ne2 Rg8 38. Nf4 Qe8 39. Ne6 Bf8 40. Nc3
Ng6 41. Qf2 Rf7 42. Rh5 Be7 43. Rf5 Nhf8 44. Rh5+ Nh7 45. Ne2 b5 46. Nc3 bxa4
47. bxa4 Ngf8 48. Bh6 Ng6 49. Nb5 Ne5 50. Qf5 Nc4 51. Bc1 Ne5 52. Rf4 Ng6 53.
Rg4 Ngf8 54. Rgh4 Ng6 55. Rxh7+ Rxh7 1-0

[Event "Campeonato Brasileiro Amador 2019 U2200"]
[Site "Sao Paulo"]
[Date "2019.06.20"]
[Round "1.13"]
[White "Ferreira, Jose Carlos"]
[Black "Magalhaes, Jonathas Jose De"]
[Result "0-1"]
[WhiteElo "1832"]
[BlackElo "2094"]
[PlyCount "82"]
[EventDate "2019.06.20"]

{[%evp 0,82,30,16,60,25,40,39,39,-10,43,19,22,52,41,-14,27,-11,-5,-5,10,-43,30,
28,27,24,31,32,28,27,24,14,10,26,5,5,5,-66,-56,-54,-54,-110,-111,-112,-106,
-106,-106,-114,-116,-129,-98,-98,-99,-104,-94,-107,-104,-106,-94,-85,-95,-97,
-90,-129,-118,-209,-209,-227,-249,-258,-241,-271,-275,-291,-292,-289,-303,-336,
-341,-353,-353,-383,-394,-415,-517]} 1. e4 e5 2. Nf3 Nc6 3. d4 exd4 4. Nxd4 Bc5
5. Be3 Qf6 6. c3 Nge7 7. Qd2 h6 8. Nxc6 Bxe3 9. Qxe3 dxc6 10. Qg3 Qg5 11. Nd2
Qxg3 12. hxg3 Be6 13. Bc4 Bxc4 14. Nxc4 O-O-O 15. Ne3 Rd6 16. Rd1 Re6 17. Rd4
f5 18. exf5 Nxf5 19. Rd3 Rhe8 20. O-O Nxe3 21. Rxe3 Rxe3 22. fxe3 Rxe3 23. Rf8+
Kd7 24. Kf2 Re8 25. Rf7+ Re7 26. Rf8 c5 27. c4 c6 28. b3 b5 29. Kf3 Kc7 30. g4
Kb6 31. Rb8+ Ka5 32. a3 bxc4 33. bxc4 Ka4 34. Rc8 Kxa3 35. Rxc6 Kb4 36. g5 hxg5
37. Ra6 Kxc4 38. Kg4 Kb5 39. Ra1 c4 40. Kxg5 c3 41. g4 Kb4 0-1

[Event "Campeonato Brasileiro Amador 2019 U2200"]
[Site "Sao Paulo"]
[Date "2019.06.20"]
[Round "1.15"]
[White "Baldussi Fernandes, Bruno Mendonca"]
[Black "Federzoni, Enzo"]
[Result "0-1"]
[WhiteElo "1740"]
[BlackElo "2091"]
[PlyCount "72"]
[EventDate "2019.06.20"]

{[%evp 0,72,28,39,79,68,112,66,87,55,55,58,74,16,72,43,95,40,56,24,63,22,59,19,
54,20,21,1,9,-8,8,-11,-11,-31,-44,-3,-6,-6,10,-16,-12,0,26,43,22,-52,-18,-26,
-34,-63,-26,-315,-282,-272,-266,-308,-339,-349,-353,-299,-337,-337,-224,-251,
-251,-251,-125,-351,-349,-349,-406,-374,-661,-720,-987]} 1. e4 c5 2. Nf3 d6 3.
d4 cxd4 4. Nxd4 Nf6 5. Nc3 a6 6. Bd3 e6 7. O-O Be7 8. Be3 O-O 9. a4 Nc6 10. Nb3
Na5 11. Nd4 Nc6 12. Nb3 b6 13. Re1 Bb7 14. f3 Nb4 15. Bf1 d5 16. Rc1 Qc7 17. e5
Nd7 18. f4 Nc5 19. Nd4 Ne4 20. Nxe4 dxe4 21. c3 Nd5 22. Bd2 Bc5 23. Kh1 Rac8
24. b4 e3 25. Bxe3 Nxe3 26. Rxe3 Bxd4 27. Rh3 Rfd8 28. Bd3 g6 29. Rc2 Bxc3 30.
Qc1 Qd7 31. Rxc3 Rxc3 32. Qxc3 Be4 33. Bf1 Qd1 34. Kg1 Rd2 35. Rg3 Qe1 36. Rf3
Rxg2+ 0-1

[Event "Campeonato Brasileiro Amador 2019 U2200"]
[Site "Sao Paulo"]
[Date "2019.06.20"]
[Round "1.17"]
[White "Almeida Silva, Emiliano Piskator"]
[Black "Ganhoto, Marco Alves"]
[Result "0-1"]
[WhiteElo "1707"]
[BlackElo "2081"]
[PlyCount "106"]
[EventDate "2019.06.20"]

{[%evp 0,88,28,21,84,7,6,-14,56,24,50,22,24,21,26,-8,23,-63,-11,-14,-12,-48,
-56,-56,-24,-54,-4,-6,-5,-6,-27,-50,-46,-104,-68,-77,-76,-141,-138,-139,-120,
-120,-26,-17,-2,-56,-57,-65,-33,-67,-30,-127,-119,-187,-178,-162,-119,-115,-83,
-102,-126,-134,-124,-175,-128,-118,-95,-106,-114,-173,-184,-162,-108,-108,-126,
-158,991,-170,1322,-105,386,-151,-151,-174,-151,-151,-159,-163,-136,-214,-173]
} 1. Nf3 c5 2. g3 Nf6 3. Bg2 g6 4. O-O Bg7 5. d3 O-O 6. e4 d6 7. Re1 Nc6 8. c3
Qc7 9. d4 Bg4 10. h3 Bxf3 11. Bxf3 cxd4 12. cxd4 e5 13. dxe5 dxe5 14. Nc3 Rfd8
15. Qa4 Nd4 16. Bd1 h6 17. Be3 a6 18. Bxd4 exd4 19. Nd5 Nxd5 20. exd5 b5 21.
Qb3 Ra7 22. Qf3 Qd7 23. Bb3 Qxh3 24. Rac1 Qf5 25. Qg2 d3 26. Re4 Bxb2 27. Rd1
Be5 28. Rxd3 Bd6 29. Rde3 Rc7 30. Qf1 Rdc8 31. Kg2 Qd7 32. Qe2 a5 33. a4 b4 34.
Qd2 h5 35. Qe2 Bc5 36. Rf3 Bd6 37. Qa6 Rc6 38. Qd3 Re8 39. Rfe3 Rxe4 40. Qxe4
Rc8 41. Qf3 Kg7 42. Qe4 Qg4 43. f4 Qf5 44. Qd4+ Qf6 45. Qe4 h4 46. Bc4 hxg3 47.
Rf3 Qb2+ 48. Kxg3 Qa1 49. Rf2 Rh8 50. Bf1 Bc5 51. Rf3 Bd6 52. Rf2 Qf6 53. Bh3
Qh4+ 0-1

[Event "Campeonato Brasileiro Amador 2019 U2200"]
[Site "Sao Paulo"]
[Date "2019.06.20"]
[Round "1.18"]
[White "De Souza, Gilberto Ferreira"]
[Black "Leite, Tarcisio Dantas Frot"]
[Result "1-0"]
[WhiteElo "2079"]
[BlackElo "1572"]
[PlyCount "93"]
[EventDate "2019.06.20"]

{[%evp 0,79,30,30,19,-16,0,-47,-9,0,5,5,-11,5,17,15,47,8,58,18,52,14,68,27,85,
72,76,60,78,59,62,67,119,114,181,49,33,21,18,30,40,3,3,-4,0,-2,-2,0,-2,-5,-10,
-3,85,2,1,-12,-8,-7,-7,-7,0,0,0,0,0,0,0,-11,-7,-3,149,10,26,0,0,0,162,182,197,
197,170,267]} 1. d4 d5 2. c4 e6 3. e3 Nf6 4. Nf3 Be7 5. Bd3 O-O 6. O-O a6 7. a3
c5 8. dxc5 Bxc5 9. b4 Be7 10. Bb2 Nc6 11. c5 b6 12. cxb6 Qxb6 13. Nc3 Bb7 14.
Rc1 Nd7 15. Na4 Qa7 16. Nd4 Rac8 17. Nxc6 Bxc6 18. Bd4 Qb7 19. Nc5 Nxc5 20.
Bxc5 Bb5 21. Bxe7 Qxe7 22. Qe2 Qb7 23. h3 Rc6 24. Rc5 Rxc5 25. bxc5 Rb8 26. Rc1
Qc6 27. Qc2 h6 28. Rb1 Ra8 29. Rc1 Ba4 30. Qb1 Bb5 31. Bh7+ Kf8 32. Bd3 Rc8 33.
Bxb5 axb5 34. Qh7 Ra8 35. Rc3 Ra4 36. Qh8+ Ke7 37. Qxg7 b4 38. axb4 Rxb4 39.
Qxh6 Rb5 40. Qh4+ Ke8 41. Qd4 Qc7 42. f4 Ke7 43. c6 Rb6 44. Qc5+ Kf6 45. Kh2
Ra6 46. Qd4+ Kg6 47. Qd3+ 1-0

[Event "Campeonato Brasileiro Amador 2019 U2200"]
[Site "Sao Paulo"]
[Date "2019.06.20"]
[Round "2.1"]
[White "Damaceno, Mateus Lima"]
[Black "Tomiello, Mateus Costamilan"]
[Result "1-0"]
[WhiteElo "2136"]
[BlackElo "2062"]
[PlyCount "67"]
[EventDate "2019.06.20"]

{[%evp 0,67,40,-33,-6,-22,-29,3,24,-16,72,54,79,50,79,44,44,37,54,55,62,68,68,
60,74,62,62,54,74,104,84,64,166,81,55,52,62,33,22,-3,47,-3,-4,-9,-4,1,-27,-37,
47,79,327,323,323,308,334,334,334,346,333,339,398,411,411,429,507,518,518,527,
791,784]} 1. c4 e5 2. Nc3 Nc6 3. e3 g6 4. Nf3 Bg7 5. d4 d6 6. Be2 f5 7. dxe5
Nxe5 8. Nxe5 dxe5 9. Qxd8+ Kxd8 10. b3 Be6 11. Ba3 e4 12. O-O-O+ Kc8 13. Nd5 c6
14. Nf4 Bf7 15. h4 h6 16. Bb2 Bxb2+ 17. Kxb2 Kc7 18. g4 Nf6 19. g5 Nd7 20. Kc3
Ne5 21. Rdg1 Rag8 22. gxh6 Rxh6 23. Rg5 Nd7 24. h5 Nf6 25. hxg6 Rxh1 26. gxf7
Rgh8 27. f8=Q Rxf8 28. Ne6+ Kd6 29. Nxf8 Ke5 30. Ng6+ Ke6 31. Kd4 Rh2 32. Nf4+
Kf7 33. Rxf5 Rxf2 34. Ke5 1-0

[Event "Campeonato Brasileiro Amador 2019 U2200"]
[Site "Sao Paulo"]
[Date "2019.06.20"]
[Round "2.2"]
[White "Pomar, Marcelo Nascimento"]
[Black "Miranda Neto, Jayme Amorim"]
[Result "1/2-1/2"]
[WhiteElo "2019"]
[BlackElo "2119"]
[PlyCount "57"]
[EventDate "2019.06.20"]

{[%evp 0,57,38,15,68,68,75,51,36,52,46,46,46,13,22,27,38,45,54,22,33,-1,34,14,
29,51,78,32,53,82,85,85,127,120,135,82,148,72,71,67,87,86,100,40,9,-82,-42,-55,
0,0,0,0,11,3,25,28,20,23,15,9]} 1. e4 c6 2. d4 d5 3. Nd2 dxe4 4. Nxe4 Nf6 5.
Nxf6+ exf6 6. c3 Be6 7. Nf3 Bd6 8. Bd3 Qc7 9. Qc2 Nd7 10. Be3 Qa5 11. Nd2 Qh5
12. Ne4 Bc7 13. Ng3 Bxg3 14. fxg3 Nb6 15. O-O O-O 16. c4 Rad8 17. Rf4 h6 18. b4
f5 19. a4 Rfe8 20. Re1 Nc8 21. Bxf5 Bxf5 22. Qxf5 Qxf5 23. Rxf5 Rxd4 24. Bxd4
Rxe1+ 25. Rf1 Rxf1+ 26. Kxf1 a6 27. Ke2 f6 28. Kd3 Kf7 29. Bc5 1/2-1/2

[Event "Campeonato Brasileiro Amador 2019 U2200"]
[Site "Sao Paulo"]
[Date "2019.06.20"]
[Round "2.3"]
[White "Labussiere, Yago"]
[Black "Lage, Pedro Ferreira"]
[Result "1-0"]
[WhiteElo "2110"]
[BlackElo "2049"]
[PlyCount "102"]
[EventDate "2019.06.20"]

{[%evp 0,67,16,16,31,-16,43,24,37,-2,-22,-9,-19,-22,-27,-26,-20,-26,-31,-15,
-18,0,39,39,48,21,46,38,46,26,48,51,122,119,122,121,165,169,178,178,173,170,
148,130,179,163,171,106,150,114,144,151,148,148,131,131,125,132,124,151,154,
154,143,134,159,114,118,113,209,208]} 1. Nf3 d5 2. c4 c6 3. d4 Nf6 4. Qb3 dxc4
5. Qxc4 Bf5 6. g3 e6 7. Bg2 Nbd7 8. Nc3 h6 9. O-O Be7 10. Re1 O-O 11. e4 Bh7
12. Qe2 Re8 13. Bf4 Rc8 14. Nd2 Nb6 15. Nb3 a5 16. Nxa5 Qxd4 17. Nxb7 Na4 18.
Nxa4 Qxa4 19. Nd6 Bxd6 20. Bxd6 Rcd8 21. Be5 Nd7 22. Bc3 Nc5 23. a3 Rd7 24. Qg4
f5 25. Qh5 Red8 26. exf5 Bxf5 27. Qf3 Be4 28. Qg4 Bxg2 29. Qxa4 Nxa4 30. Kxg2
Nxc3 31. bxc3 Rd3 32. Re3 Rxe3 33. fxe3 Rd3 34. a4 Rxc3 35. a5 Rb3 36. a6 Rb8
37. a7 Ra8 38. Kf3 Kf7 39. Ke4 Ke7 40. Kd4 Kd6 41. Kc4 e5 42. e4 h5 43. h3 g6
44. Ra2 g5 45. Ra1 h4 46. g4 Kc7 47. Kc5 Kb7 48. Ra2 Kc7 49. Rf2 Kb7 50. Rf7+
Ka6 51. Kxc6 Rd8 1-0

[Event "Campeonato Brasileiro Amador 2019 U2200"]
[Site "Sao Paulo"]
[Date "2019.06.20"]
[Round "2.4"]
[White "Duailibi, Ricardo Miguel"]
[Black "Labussiere, Victor"]
[Result "1/2-1/2"]
[WhiteElo "1828"]
[BlackElo "2096"]
[PlyCount "134"]
[EventDate "2019.06.20"]

{[%evp 0,76,37,13,55,52,52,46,33,17,47,35,95,43,16,11,2,0,2,-36,-1,-8,-6,-6,
-19,-41,-26,-43,-42,-43,-34,-26,-9,-13,-44,-24,-23,-23,-18,-15,31,-22,-33,-41,
-32,-26,7,-7,-12,-12,4,-29,0,0,0,0,4,-9,-7,-15,9,-20,-9,-23,6,-5,6,-6,0,-16,
-18,-33,-31,-31,0,-12,-32,-108,-140]} 1. e4 c5 2. Nf3 Nc6 3. d4 cxd4 4. Nxd4
Nf6 5. Nc3 d6 6. Be2 e5 7. Nb3 Be7 8. O-O O-O 9. Bg5 Be6 10. Bxf6 Bxf6 11. Nd5
Bg5 12. c3 Ne7 13. Nxe7+ Qxe7 14. Bg4 Rad8 15. Qe2 d5 16. Rad1 dxe4 17. Bxe6
Qxe6 18. Qxe4 b6 19. Rfe1 f5 20. Qa4 Qf7 21. Nc1 e4 22. Ne2 Rd2 23. Rxd2 Bxd2
24. Rd1 e3 25. fxe3 Bxe3+ 26. Kh1 Qh5 27. Qc4+ Kh8 28. Rf1 f4 29. Ng3 Qe8 30.
Ne4 h6 31. Qd3 Qe7 32. Nd6 Rf6 33. Nf5 Qe6 34. Nh4 g5 35. Qd8+ Kg7 36. Nf3 Rf7
37. Rd1 g4 38. Nd4 Qe4 39. Qh4 f3 40. Qg3 Bxd4 41. cxd4 f2 42. Rf1 Qb1 43.
Qxg4+ Kh7 44. Qe2 Qxa2 45. h3 Qd5 46. Rxf2 Rxf2 47. Qxf2 Kg6 48. Qf4 a5 49. Kh2
b5 50. g4 a4 51. Qd2 Qd6+ 52. Kg2 Qd5+ 53. Kf2 Kg7 54. Qb4 Kf7 55. Ke3 Kg6 56.
h4 Kf6 57. Kf4 Ke6 58. Qd2 Kf7 59. g5 hxg5+ 60. hxg5 Qd6+ 61. Kg4 Qe6+ 62. Kh4
Qe4+ 63. Kh5 Qf3+ 64. Kh4 Qe4+ 65. Kg3 Ke6 66. Kf2 Kd5 67. Kg3 Qh1 1/2-1/2